Statistics for Songs Inspired by Books

Click here to take the quiz!

General Stats

  • This quiz has been taken 13 times
  • The average score is 5 of 10

Answer Stats

ArtistSongYearBook% Correct
David BowieBig Brother19741984
100%
MastodonI Am Ahab2004Moby Dick
92%
Bruce SpringsteenThe Ghost of Tom Joad1995The Grapes of Wrath
62%
The StrokesSoma2001Brave New World
46%
Pink FloydDogs1977Animal Farm
38%
Led ZeppelinThe Battle of Evermore1971Lord of the Rings
38%
Neutral Milk HotelHolland, 19451998The Diary of Anne Frank
38%
The CureKilling an Arab1978The Stranger
38%
The LibertinesNarcissist2004The Portrait of Dorian Gray
23%
Taylor SwiftCarolina2022Where the Crawdads Sing
8%

Score Distribution

Percentile by Number Answered

Percent of People with Each Score

Your Score History

You have not taken this quiz